00451nam a2200145Ia 4500008004100000020001800041041000800059082001700067100001300084245015500097260001600252300000800268365001600276700001300292230714s9999 xx 000 0 und d a9780000000000 aeng a005.678bWAH aWaher P. aLearning Internet Of ThingsbExplore And Learn About Internet Of Things With The Help Of Engaging And Enlightening Tutorials Designed For Raspberry Pi c2015bPackt a221 cRs.b799.00 aWaher P.